[Event "Leisure Knock-Out"]
[Site "SchemingMind.com"]
[Date "2008.02.03"]
[Round "-"]
[White "Gambit13"]
[Black "smothered mate"]
[Result "1-0"]
[WhiteCountry "USA"]
[BlackCountry "POL"]
[WhiteElo "1997"]
[WhiteRD "134"]
[BlackElo "1927"]
[BlackRD "49"]
[GameID "139991"]

1. e4 c5 2. Nf3 d6 3. d4 cxd4 4. Nxd4 Nf6 5. Nc3 g6 6. Be3 Bg7 7. f3 O-O 8. Qd2 Nc6 9. O-O-O d5 10. exd5 Nxd5
11. Nxc6 bxc6 12. Bd4 e5 13. Bc5 Re8 14. Ne4 Be6 15. h4 h5 16. Bc4 Qc7 17. g4 Red8 18. Qf2 Nf4 19. Bxe6 Nxe6 20. Be3 Qa5
21. Kb1 Rdb8 22. b3 f5 23. gxf5 gxf5 24. Nc5 Nxc5 25. Bxc5 e4 26. Bd4 Bf8 27. Rhg1+ Kf7 28. Qg3
1-0

[Event "Leisure Knock-Out"]
[Site "SchemingMind.com"]
[Date "2008.02.02"]
[Round "-"]
[White "smothered mate"]
[Black "Gambit13"]
[Result "0-1"]
[WhiteCountry "POL"]
[BlackCountry "USA"]
[WhiteElo "1938"]
[WhiteRD "52"]
[BlackElo "1955"]
[BlackRD "136"]
[GameID "140008"]

1. e4 e5 2. Nf3 Nf6 3. Nc3 Nc6 4. Nxe5 Nxe5 5. d4 Ng6 6. e5 Ng8 7. f4 d5 8. Qf3 Bb4 9. f5 Bxc3+ 10. bxc3 Nh4
11. Qg4 Nxf5 12. Bg5 f6 13. Bf4 Qe7 14. O-O-O Ne3 15. Qe2 Nxd1 16. Kxd1 c6 17. g4 fxe5 18. Bxe5 Nf6 19. h3 O-O 20. g5 Nd7
21. h4 Nxe5 22. dxe5 Rf5
0-1

[Event "Leisure Knock-Out"]
[Site "SchemingMind.com"]
[Date "2008.02.06"]
[Round "-"]
[White "SLAINTIE MHATH"]
[Black "spoke"]
[Result "0-1"]
[WhiteCountry "POL"]
[BlackCountry "GER"]
[WhiteElo "1591"]
[WhiteRD "45"]
[BlackElo "1854"]
[BlackRD "58"]
[GameID "140567"]

1. Nf3 d5 2. c4 d4 3. e3 d3 4. Qb3 Nc6 5. Bxd3 Nf6 6. Bc2 e5 7. O-O Bd6 8. d4 O-O 9. c5 e4 10. Bxe4 Nxe4
11. cxd6 Qxd6 12. h3 b6 13. Nc3 Nxc3 14. bxc3 Ba6 15. Re1 Na5 16. Qa3 Qxa3 17. Bxa3 Rfe8 18. Bb4 Nc4 19. Rab1 Bb7 20. Red1 a5
21. Bc5 Bxf3 22. gxf3 bxc5 23. dxc5 Red8 24. Rxd8+ Rxd8 25. Rb7 Rc8 26. a4 Kf8 27. Kf1 Ke7 28. Ke2 Kd7 29. Ra7 Kc6 30. Kd3 Kxc5
31. Rb7 Ne5+ 32. Ke4 f6 33. f4 Ng6 34. Rb5+ Kc4 35. Rxa5 Kxc3 36. Ra7 Kb4 37. Kd4 Rd8+ 38. Ke4 Rd7 39. Kf5 Re7 40. Kg4 c5
41. Ra8 c4 42. a5 Kb5 43. Rc8 Ra7 44. e4 Kb4 45. Kf5 Ne7+
0-1

[Event "Leisure Knock-Out"]
[Site "SchemingMind.com"]
[Date "2008.02.05"]
[Round "-"]
[White "spoke"]
[Black "SLAINTIE MHATH"]
[Result "1-0"]
[WhiteCountry "GER"]
[BlackCountry "POL"]
[WhiteElo "1854"]
[WhiteRD "58"]
[BlackElo "1591"]
[BlackRD "45"]
[GameID "140577"]

1. e4 c6 2. d4 d5 3. e5 e6 4. Nf3 Nd7 5. c4 Bb4+ 6. Bd2 Qb6 7. c5 Nxc5 8. dxc5 Bxc5 9. Be3 Bxe3 10. fxe3 Qxe3+
11. Qe2 Qxe2+ 12. Bxe2 h6 13. Nbd2 a6 14. O-O Ne7 15. Nb3 b6 16. a4 a5 17. Nbd4 Bb7 18. Rfb1 O-O 19. b4 axb4 20. Rxb4 Nc8
21. Rb2 Ra5 22. Rc2 Ne7 23. Raa2 Rb8 24. Kf2 Kf8 25. g4 Ke8 26. h4 Kd7 27. g5 c5 28. Nb5 Nf5 29. gxh6 gxh6 30. Bd3 c4
31. Bxf5 exf5 32. Nfd4 f4 33. Nd6 Ke7 34. Nxb7 Rxb7 35. Nc6+ Ke6 36. Nd8+ Kxe5 37. Nxb7 Ra7 38. Re2+ Kd4 39. Nd6 Rd7 40. Nf5+ Kc5
41. Re7 Rxe7 42. Nxe7 d4 43. Ke2 d3+ 44. Kd2 Kd4 45. Nf5+ Ke5 46. Nxh6 f3 47. Kc3 Ke4 48. Ng4 f5 49. Kxc4 fxg4 50. h5 Ke3
51. h6 d2 52. Ra1 Ke2 53. h7 d1=Q 54. Rxd1 Kxd1 55. h8=Q f2 56. Qd4+ Ke2 57. Qxg4+ Ke1 58. Qe4+ Kd2 59. Qd4+ Ke2 60. Qxf2+ Kxf2
61. Kb5
1-0

[Event "Leisure Knock-Out"]
[Site "SchemingMind.com"]
[Date "2008.02.10"]
[Round "-"]
[White "Joe Daudish"]
[Black "CowboyNoel"]
[Result "1-0"]
[WhiteCountry "USA"]
[BlackCountry "USA"]
[WhiteElo "1780"]
[WhiteRD "46"]
[BlackElo "1293"]
[BlackRD "108"]
[GameID "141242"]

1. d4 g6 2. Nf3 Nc6 3. Bf4 Bg7 4. c3 b6 5. e3 Bb7 6. Nbd2 d6 7. Bc4 h6 8. O-O Nf6 9. h3 O-O 10. Re1 Na5
11. Bd3 Nh5 12. Bh2 c5 13. a3 c4 14. Nxc4 Rc8 15. Nxa5 bxa5 16. e4 g5 17. e5 dxe5 18. Nxe5 Qd5 19. Be4 Qb5 20. Bxb7 Qxb7
21. Qxh5 Qxb2 22. Qe2 Qxc3 23. Qe3 Qb2 24. Rab1 Qxa3 25. Qxa3 Rc4 26. Qxa5 Rxd4 27. Qxa7 Bf6 28. Qxd4 h5 29. Qe4 Kg7 30. Nd7 Rc8
31. Nxf6
1-0

[Event "Leisure Knock-Out"]
[Site "SchemingMind.com"]
[Date "2008.02.10"]
[Round "-"]
[White "the_pawn"]
[Black "Swalastova"]
[Result "1-0"]
[WhiteCountry "USA"]
[BlackCountry "SCO"]
[WhiteElo "2069"]
[WhiteRD "116"]
[BlackElo "1621"]
[BlackRD "110"]
[GameID "141243"]

1. e4 c5 2. Nf3 Nc6 3. Nc3 d6 4. d4 cxd4 5. Nxd4 Bd7 6. Be3 Nf6 7. f3 g6 8. Bc4 Bg7 9. Qd2 a6 10. Nxc6 Bxc6
11. O-O O-O 12. Rfd1 Rc8 13. Bb3 Bd7 14. Qf2 Rxc3 15. bxc3 Qc8 16. Bd4 Be6 17. Rab1 Bxb3 18. cxb3 b5 19. c4 b4 20. c5 dxc5
21. Bxc5 Qb7 22. Rd4 a5 23. Rbd1 h5 24. Qd2 Qc7 25. Rc4 Kh7 26. Bxb4 Qa7+ 27. Bc5 Qc7 28. Be3 Qd6 29. Qxd6 exd6 30. Rxd6 Ne8
31. Ra6
1-0

[Event "Leisure Knock-Out"]
[Site "SchemingMind.com"]
[Date "2008.02.10"]
[Round "-"]
[White "MazetaFighter"]
[Black "rampichino"]
[Result "1-0"]
[WhiteCountry "GRE"]
[BlackCountry "ITA"]
[WhiteElo "2002"]
[WhiteRD "69"]
[BlackElo "1169"]
[BlackRD "60"]
[GameID "141250"]

1. e4 d5 2. exd5 Qxd5 3. Nc3 Qd6 4. d4 Nf6 5. Nf3 a6 6. Bd3 Bg4 7. O-O Nc6 8. Ne4 Nxe4 9. Bxe4 Bxf3 10. Bxf3 O-O-O
11. Be3 Nxd4 12. Bg4+ e6 13. c3 Nf5 14. Qf3 Nxe3 15. Qxe3 Qc5 16. Qe2 Be7 17. Rfe1 Bg5 18. Rad1 Rxd1 19. Rxd1 Rd8 20. Rxd8+ Kxd8
21. Bf3 Kc8 22. Qe4 c6 23. Qxh7 Qe5 24. Qg8+ Bd8 25. g3 Qf5 26. Kg2 g5 27. h3 Kc7 28. Qe8
1-0

[Event "Leisure Knock-Out"]
[Site "SchemingMind.com"]
[Date "2008.02.10"]
[Round "-"]
[White "CowboyNoel"]
[Black "Joe Daudish"]
[Result "0-1"]
[WhiteCountry "USA"]
[BlackCountry "USA"]
[WhiteElo "1293"]
[WhiteRD "108"]
[BlackElo "1780"]
[BlackRD "46"]
[GameID "141251"]

1. e4 e6 2. b3 d5 3. e5 Ne7 4. Bb2 Ng6 5. g3 c5 6. Nf3 Be7 7. Nc3 Nc6 8. Bb5 Bd7 9. Qe2 a6 10. Bd3 O-O
11. O-O-O b5 12. h4 c4 13. Bxg6 fxg6 14. g4 b4 15. a3 bxc3 16. dxc3 cxb3 17. cxb3 Na5 18. g5 Nxb3+ 19. Kc2 Ba4 20. Kb1 Qb6
21. h5 Bxa3 22. h6 Na5 23. Rd2 Nc4 24. Rh4 Bxb2 25. Rxb2 Qxb2+ 26. Qxb2 Nxb2 27. Kxb2 Rxf3 28. hxg7 Rxf2+ 29. Ka3 Bb5 30. Kb4 Kxg7
31. Kc5 Rf5 32. Kd6 Re8 33. Rh3 Rxg5 34. Rh1 h5
0-1

[Event "Leisure Knock-Out"]
[Site "SchemingMind.com"]
[Date "2008.02.10"]
[Round "-"]
[White "Swalastova"]
[Black "the_pawn"]
[Result "0-1"]
[WhiteCountry "SCO"]
[BlackCountry "USA"]
[WhiteElo "1639"]
[WhiteRD "150"]
[BlackElo "2063"]
[BlackRD "113"]
[GameID "141252"]

1. e4 c5 2. Nf3 d6 3. d4 cxd4 4. Nxd4 Nf6 5. Nc3 e6 6. g4 h6 7. g5 hxg5 8. Bxg5 Nc6 9. h4 Qb6 10. Bxf6 gxf6
11. Bb5 Bd7 12. Bxc6 bxc6 13. Nb3 a5 14. Qf3 a4 15. Qxf6 Rg8 16. O-O-O axb3 17. cxb3 Bg7 18. Rhg1 Bxf6 19. Rxg8+ Ke7 20. Rxa8 Qxf2
21. e5 Bxe5 22. h5 Bxc3 23. bxc3 e5 24. Rd2 Qe1+ 25. Rd1 Qxc3+
0-1

[Event "Leisure Knock-Out"]
[Site "SchemingMind.com"]
[Date "2008.02.13"]
[Round "-"]
[White "loco61"]
[Black "Konan_Kaddosh"]
[Result "0-1"]
[WhiteCountry "ENG"]
[BlackCountry "ITA"]
[WhiteElo "1601"]
[WhiteRD "66"]
[BlackElo "2492"]
[BlackRD "59"]
[GameID "141591"]

1. e4 c5 2. Bc4 Nc6 3. Nf3 d6 4. d4 cxd4 5. Nxd4 Nf6 6. Nc3 e6 7. Bg5 Be7 8. Qd2 h6 9. Be3 Ng4 10. f3 Nxe3
11. Qxe3 Qb6 12. Bb5 O-O 13. Rd1 Bf6 14. Bxc6 bxc6 15. Na4 Qb4+ 16. Nc3 Qxb2 17. Rb1 Qa3 18. Rb3 Qc5 19. Nce2 e5 20. Nf5 Qxc2
21. Nxd6 Rd8 22. Rd3 Bg5 23. f4 exf4 24. Nxf4 Bxf4 25. Qxf4 Qxd3 26. Qxf7+ Kh7 27. Nf5 Qd2+ 28. Kf1 Ba6+
0-1

[Event "Leisure Knock-Out"]
[Site "SchemingMind.com"]
[Date "2008.02.12"]
[Round "-"]
[White "Konan_Kaddosh"]
[Black "loco61"]
[Result "1-0"]
[WhiteCountry "ITA"]
[BlackCountry "ENG"]
[WhiteElo "2492"]
[WhiteRD "59"]
[BlackElo "1601"]
[BlackRD "66"]
[GameID "141603"]

1. e4 Nc6 2. d4 e6 3. Nf3 d5 4. Nc3 Bb4 5. e5 Nge7 6. a3 Ba5 7. Bd3 Bxc3+ 8. bxc3 a6 9. Ng5 Nf5 10. g4 h6
11. Nxe6 fxe6 12. gxf5 exf5 13. Qh5+ Kf8 14. Bxf5 Ne7 15. Bd3 Qe8 16. Qe2 Be6 17. h4 Qf7 18. Rb1 b5 19. a4 c6 20. Ra1 Bd7
21. h5 Nf5 22. axb5 cxb5 23. Bxb5 Bxb5 24. Qxb5 Qe6 25. Qb7 Qc8 26. Qxc8+ Rxc8 27. Rxa6 Kf7 28. Ra7+ Ne7 29. Ba3 Rhe8 30. Kd2 Ke6
31. Rg1 Kf7 32. Rg6 Rcd8 33. e6+ Kf8 34. Rg3 Ra8 35. Bxe7+ Rxe7 36. Rf3+ Kg8 37. Rxa8+
1-0

[Event "Leisure Knock-Out"]
[Site "SchemingMind.com"]
[Date "2008.02.23"]
[Round "-"]
[White "chesshub"]
[Black "Caputo"]
[Result "1-0"]
[WhiteCountry "FRA"]
[BlackCountry "USA"]
[WhiteElo "2381"]
[WhiteRD "73"]
[BlackElo "1718"]
[BlackRD "71"]
[GameID "142490"]

1. e4 e5 2. Nf3 Nc6 3. Bb5 a6 4. Ba4 b5 5. Bb3 Nf6 6. O-O Na5 7. Nxe5 Nxb3 8. axb3 d6 9. Nc6 Qd7 10. Na5 Be7
11. Qf3 O-O 12. e5 dxe5 13. Qxa8 c6 14. Qxc6 Qxc6 15. Nxc6 Re8 16. Nxe7+
1-0

[Event "Leisure Knock-Out"]
[Site "SchemingMind.com"]
[Date "2008.02.21"]
[Round "-"]
[White "Caputo"]
[Black "chesshub"]
[Result "0-1"]
[WhiteCountry "USA"]
[BlackCountry "FRA"]
[WhiteElo "1686"]
[WhiteRD "64"]
[BlackElo "2384"]
[BlackRD "74"]
[GameID "142495"]

1. e4 e5 2. Nf3 Nc6 3. Bb5 a6 4. Bxc6 dxc6 5. O-O Qd6 6. d4 exd4 7. Qxd4 Qxd4 8. Nxd4 Bd7 9. Bf4 O-O-O 10. Nd2 Ne7
11. Nc4 Ng6 12. Be3 Re8 13. f3 c5 14. Ne2 Bb5 15. b3 Bxc4 16. bxc4 Ne5 17. Bf4 Nxc4 18. a4 g6 19. Rfd1 f5 20. Nc3 Bg7
21. e5 g5 22. Bd2 Bxe5 23. Be1 Bd4+ 24. Kh1 Rxe1+
0-1

[Event "Leisure Knock-Out"]
[Site "SchemingMind.com"]
[Date "2008.02.20"]
[Round "-"]
[White "mmccaffe"]
[Black "toguints"]
[Result "1-0"]
[WhiteCountry "USA"]
[BlackCountry "PHI"]
[WhiteElo "1576"]
[WhiteRD "52"]
[BlackElo "1231"]
[BlackRD "91"]
[GameID "142621"]

1. e4 e5 2. Nf3 d6 3. d4 Bd7 4. Bc4 Nf6 5. O-O Nxe4 6. dxe5 dxe5 7. Nxe5 Nd6 8. Re1 Be6 9. Bxe6 fxe6 10. Qh5+ g6
11. Nxg6 Rg8 12. Rxe6+ Kd7 13. Qxh7+ Bg7 14. Re7+ Kc6 15. Ne5+ Bxe5 16. Rxe5 Nf7 17. Qe4+ Kd7 18. Rd5+ Nd6 19. h3 Re8 20. Qg4+ Kc6
21. Nc3 Ne4 22. Qg6+ Nd6 23. Be3 b6 24. a4 Nd7 25. Rad1 Kb7 26. Bf4 Rg8 27. Qd3 Nf6 28. Rd4 c5 29. Rxd6 Qe7 30. Qf3+ Ka6
31. Nd5 Qb7 32. Qd3+ Ka5 33. Qb5#
1-0

[Event "Leisure Knock-Out"]
[Site "SchemingMind.com"]
[Date "2008.02.19"]
[Round "-"]
[White "toguints"]
[Black "mmccaffe"]
[Result "0-1"]
[WhiteCountry "PHI"]
[BlackCountry "USA"]
[WhiteElo "1379"]
[WhiteRD "92"]
[BlackElo "1614"]
[BlackRD "52"]
[GameID "142630"]

1. d4 Nf6 2. Nf3 g6 3. Bg5 Bg7 4. e3 O-O 5. Be2 d6 6. O-O Nbd7 7. Nc3 e5 8. Bxf6 Bxf6 9. Nd5 Bg7 10. c3 c6
11. Nb4 a5 12. Qa4 b5 13. Qa3 Bb7 14. Nc2 f5 15. c4 b4 16. Qd3 e4 17. Qb3 c5 18. Rad1 a4 19. Ng5 axb3 20. Ne6 Qa5
21. Nxf8 Kxf8 22. dxc5 bxc2 23. Rxd6 Nxc5 24. f3 Bxb2 25. Rd5 c1=Q 26. Rxc1 Bxc1 27. g4 Bxe3+ 28. Kg2 Bxd5 29. cxd5 Qxa2 30. Kf1 Nd3
31. Kg2 Nf4+ 32. Kg3 Qxe2
0-1

[Event "Leisure Knock-Out"]
[Site "SchemingMind.com"]
[Date "2008.02.22"]
[Round "-"]
[White "dadshane2000"]
[Black "jubeii"]
[Result "0-1"]
[WhiteCountry "USA"]
[BlackCountry "USA"]
[WhiteElo "1847"]
[WhiteRD "73"]
[BlackElo "2037"]
[BlackRD "98"]
[GameID "142922"]

1. e4 Nf6 2. e5 Nd5 3. Nf3 d6 4. d4 Bg4 5. Be2 Nc6 6. c4 Nb6 7. exd6 exd6 8. O-O Be7 9. b3 O-O 10. Bb2 d5
11. Nbd2 Re8 12. h3 Bf5 13. Nh2 Bf6 14. Ndf3 dxc4 15. bxc4 Qe7 16. Re1 Qb4 17. Qc1 Na4 18. Ba3 Qa5 19. Qd2 Qxd2 20. Nxd2 Nxd4
0-1

[Event "Leisure Knock-Out"]
[Site "SchemingMind.com"]
[Date "2008.02.22"]
[Round "-"]
[White "jubeii"]
[Black "dadshane2000"]
[Result "1-0"]
[WhiteCountry "USA"]
[BlackCountry "USA"]
[WhiteElo "2037"]
[WhiteRD "98"]
[BlackElo "1847"]
[BlackRD "73"]
[GameID "142925"]

1. c4 Nf6 2. d4 c5 3. Nf3 e6 4. Nc3 cxd4 5. Nxd4 Bb4 6. g3 O-O 7. Bg2 d5 8. Bg5 Bxc3+ 9. bxc3 h6 10. Bxf6 Qxf6
11. cxd5 exd5 12. Bxd5 Nd7 13. O-O Ne5 14. e3 Rb8 15. f4 Ng4 16. Re1 Qg6 17. e4 Qh5 18. Qe2 Nf6 19. Qxh5 Nxh5 20. e5 g6
21. e6 fxe6 22. Nxe6 Bxe6 23. Rxe6 Kg7 24. Re7+ Kf6 25. Rae1 Ng7 26. Rc7 Rfe8 27. Rf7#
1-0

[Event "Leisure Knock-Out"]
[Site "SchemingMind.com"]
[Date "2008.02.25"]
[Round "-"]
[White "z"]
[Black "Lazaro"]
[Result "1/2-1/2"]
[WhiteCountry "IRQ"]
[BlackCountry "CUB"]
[WhiteElo "1769"]
[WhiteRD "52"]
[BlackElo "1596"]
[BlackRD "66"]
[GameID "143082"]

1. g3 e5 2. Bg2 d5 3. c4 dxc4 4. Qa4+ c6 5. Qxc4 Be6 6. Qc2 Nd7 7. Nf3 Bc5 8. O-O Ngf6 9. Nc3 O-O 10. Rd1 Ng4
11. e3 Qe7 12. d4 exd4 13. exd4 Bb6 14. Bf4 h6 15. h4 Qb4 16. Bd2 Bxd4 17. Nxd4 Qxd4 18. Bxh6 Qxf2+ 19. Qxf2 Nxf2 20. Kxf2 gxh6
21. Ne2 Nf6 22. Bf3 Rad8 23. Nf4 Bg4 24. Nd3 Bxf3 25. Kxf3 Nd5 26. a3 Rfe8 27. Re1 Rxe1 28. Rxe1 f6 29. Rd1 Re8 30. Re1 Rxe1
31. Nxe1 Kf7 32. Nd3 b6= 33. Ke4 Ke6 34. g4 a5 35. b4 axb4 36. axb4 Nc7 37. Nf4+ Kd6 38. Kf5 Nd5 39. Nd3 Ne3+ 40. Kxf6 Nxg4+
41. Kg6 Kd5 42. Kh5 Ke4 43. Nb2 Ne3 44. Kxh6 Nf5+ 45. Kg5 Nxh4 46. Kxh4 Kd4 47. Na4 b5 48. Nc5 Kc4 49. Na6 c5 50. bxc5 Kd5
51. Kg4 b4 52. Nxb4+ Kxc5
1/2-1/2

[Event "Leisure Knock-Out"]
[Site "SchemingMind.com"]
[Date "2008.02.26"]
[Round "-"]
[White "Lazaro"]
[Black "z"]
[Result "1-0"]
[WhiteCountry "CUB"]
[BlackCountry "IRQ"]
[WhiteElo "1596"]
[WhiteRD "66"]
[BlackElo "1769"]
[BlackRD "52"]
[GameID "143088"]

1. e4 e6 2. d4 d5 3. Nc3 dxe4 4. Nxe4 Bd7 5. Nf3 Bc6 6. Bd3 Nd7 7. O-O Ngf6 8. Bg5 Be7 9. Qe2 O-O 10. Nxf6+ Bxf6
11. Bf4 Bxf3 12. Qxf3 c5 13. Qxb7 cxd4 14. Bd6 Be7 15. Bxe7 Qxe7 16. Qe4 f5 17. Qxd4 e5 18. Qd5+ Kh8 19. Bxf5 Rad8 20. Qd3 Nf6
21. Qe2 g6 22. Bh3 Rd6 23. Rad1 Rfd8 24. Rxd6 Qxd6 25. g3 e4 26. Bg2 Qd2 27. Re1 Kg7 28. Bxe4 Nxe4 29. Qxe4 Rd7 30. b3 Rf7
31. Qe2 Qa5 32. Qe5+ Qxe5 33. Rxe5 Kf6 34. Rc5 Ke6 35. Kf1 Kd6 36. Rc3 Kd5 37. Rd3+ Kc5 38. a3 a5 39. c3 Rb7 40. b4+ Kc4
41. Re3 axb4 42. cxb4 Ra7 43. h4 Rd7 44. Re5 Rd3 45. Ra5 Kb3 46. b5 Kc4 47. a4 Rd6 48. Ra6 Rd7 49. b6 Rb7 50. a5 Kb5
51. Ra7 Rb8 52. b7 Kc6 53. a6
1-0

[Event "Leisure Knock-Out"]
[Site "SchemingMind.com"]
[Date "2008.02.24"]
[Round "-"]
[White "Orange Lion"]
[Black "Queeny"]
[Result "1-0"]
[WhiteCountry "NED"]
[BlackCountry "ENG"]
[WhiteElo "2233"]
[WhiteRD "85"]
[BlackElo "1527"]
[BlackRD "71"]
[GameID "143234"]

1. Nf3 Nf6 2. c4 c5 3. g3 d5 4. cxd5 Nxd5 5. d4 e6 6. Bg2 b6 7. O-O Bb7 8. e4 Nf6 9. d5 exd5 10. exd5 Bxd5
11. Nc3 Be7 12. Nxd5 Qxd5 13. Nh4 Qxd1 14. Rxd1 O-O 15. Bxa8 b5 16. Nf5 Bd8 17. Bf4 Na6 18. Bd6 Bb6 19. Bxf8 Kxf8 20. Bc6 b4
21. Rd6 Nb8 22. Rad1
1-0

[Event "Leisure Knock-Out"]
[Site "SchemingMind.com"]
[Date "2008.02.24"]
[Round "-"]
[White "Queeny"]
[Black "Orange Lion"]
[Result "0-1"]
[WhiteCountry "ENG"]
[BlackCountry "NED"]
[WhiteElo "1527"]
[WhiteRD "71"]
[BlackElo "2233"]
[BlackRD "85"]
[GameID "143242"]

1. e4 e6 2. Nf3 d5 3. e5 c5 4. Bb5+ Bd7 5. c4 Bxb5 6. cxb5 Nd7 7. b3 Ne7 8. Na3 Ng6 9. d4 Qa5+ 10. Qd2 Qxd2+
11. Bxd2 cxd4 12. Nc2 d3 13. Ncd4 Ndxe5 14. Ng5 Bc5 15. Ndxe6 fxe6 16. Nxe6 Kf7 17. Nxc5 Nh4 18. O-O Nef3+ 19. gxf3 Nxf3+ 20. Kg2 Nxd2
21. Rfc1 Rac8 22. Nxd3 Ne4 23. Nf4 Nc3 24. Rc2 d4 25. Ne2 Nxe2 26. Rxe2 Rhd8 27. Rd1 Rc5 28. Red2 Rcd5 29. Rd3 Kf6 30. Kf3 g5
31. Ke4 Rf5 32. R3d2 h5 33. Kd3 Rxb5 34. Re1 Rc5 35. Ke2 Re5+ 36. Kf1 d3 37. f3 Rxe1+ 38. Kxe1 Kf5 39. Kf2 Kf4 40. Kg2 Ke3
0-1

[Event "Leisure Knock-Out"]
[Site "SchemingMind.com"]
[Date "2008.03.18"]
[Round "-"]
[White "spoke"]
[Black "Konan_Kaddosh"]
[Result "0-1"]
[WhiteCountry "GER"]
[BlackCountry "ITA"]
[WhiteElo "1851"]
[WhiteRD "59"]
[BlackElo "2496"]
[BlackRD "63"]
[GameID "146577"]

1. e4 c5 2. Nf3 Nc6 3. d4 cxd4 4. Nxd4 e5 5. Nb5 d6 6. N1c3 a6 7. Na3 b5 8. Nd5 Nf6 9. Bg5 Be7 10. Bxf6 Bxf6
11. c3 O-O 12. Nc2 Bg5 13. Be2 Ne7 14. Nxe7+ Qxe7 15. O-O Bb7 16. Qd3 d5 17. exd5 Rad8 18. Ne3 e4 19. Qd4 f5 20. f4 exf3
21. Rxf3 Rde8 22. Nxf5 Rxf5 23. Rxf5 Be3+
0-1

[Event "Leisure Knock-Out"]
[Site "SchemingMind.com"]
[Date "2008.03.18"]
[Round "-"]
[White "Konan_Kaddosh"]
[Black "spoke"]
[Result "1-0"]
[WhiteCountry "ITA"]
[BlackCountry "GER"]
[WhiteElo "2496"]
[WhiteRD "63"]
[BlackElo "1851"]
[BlackRD "59"]
[GameID "146582"]

1. d4 d5 2. c4 e6 3. Nf3 c6 4. Nc3 dxc4 5. a4 Nd7 6. e4 Ngf6 7. Bxc4 a5 8. O-O Be7 9. Qc2 Qc7 10. g3 e5
11. Ng5 O-O 12. Bxf7+ Kh8 13. Ne6 Qb6 14. Nxf8 Nxf8 15. dxe5
1-0

[Event "Leisure Knock-Out"]
[Site "SchemingMind.com"]
[Date "2008.04.23"]
[Round "-"]
[White "jubeii"]
[Black "MazetaFighter"]
[Result "0-1"]
[WhiteCountry "USA"]
[BlackCountry "GRE"]
[WhiteElo "1884"]
[WhiteRD "87"]
[BlackElo "2048"]
[BlackRD "67"]
[GameID "151671"]

1. e4 e5 2. Nf3 Nc6 3. Bb5 a6 4. Ba4 Nf6 5. O-O Be7 6. Re1 b5 7. Bb3 d6 8. c3 O-O 9. d4 Bg4 10. h3 Bxf3
11. Qxf3 exd4 12. Qd1 dxc3 13. Nxc3 Na5
0-1

[Event "Leisure Knock-Out"]
[Site "SchemingMind.com"]
[Date "2008.05.15"]
[Round "-"]
[White "Orange Lion"]
[Black "Joe Daudish"]
[Result "1-0"]
[WhiteCountry "NED"]
[BlackCountry "USA"]
[WhiteElo "2255"]
[WhiteRD "83"]
[BlackElo "1748"]
[BlackRD "44"]
[GameID "154796"]

1. Nf3 d5 2. c4 e6 3. g3 Nf6 4. Bg2 Bd6 5. O-O Bd7 6. d4 Nc6 7. Nbd2 b6 8. Re1 O-O 9. e4 dxe4 10. Nxe4 Nxe4
11. Rxe4 Rb8 12. Re2 Ne7 13. b3 Ng6 14. h4 Bc6 15. Bb2 a5 16. h5 Ne7 17. h6 Nf5 18. d5 exd5 19. cxd5 Bd7 20. hxg7 Nxg7
21. Qd3 Bf5 22. Qc4 Bg6 23. Ne5 Qg5 24. Nd7 b5 25. Qc3 f6 26. Nxf6+ Rxf6 27. Qxf6 Qxf6 28. Bxf6 Kf7 29. Be5 Ne8 30. Rc1 Rb7
31. Bh3 Bxe5 32. Rxe5 Nd6 33. Bd7 b4 34. g4 Ne4 35. Be8+ Kf6 36. Re6+ Kg5 37. Bxg6
1-0

[Event "Leisure Knock-Out"]
[Site "SchemingMind.com"]
[Date "2008.05.14"]
[Round "-"]
[White "Joe Daudish"]
[Black "Orange Lion"]
[Result "0-1"]
[WhiteCountry "USA"]
[BlackCountry "NED"]
[WhiteElo "1748"]
[WhiteRD "44"]
[BlackElo "2255"]
[BlackRD "83"]
[GameID "154805"]

1. d4 Nf6 2. Nf3 e6 3. Bf4 d5 4. h3 c5 5. e3 Nc6 6. c3 Bd6 7. Bxd6 Qxd6 8. Bd3 Bd7 9. Nbd2 e5 10. dxe5 Nxe5
11. Nxe5 Qxe5 12. Nf3 Qe7 13. O-O O-O 14. Re1 Rad8 15. Qc2 Rfe8 16. a4 c4 17. Bf5 Ne4 18. Bxe4 dxe4 19. Nd4 Qg5 20. Kh2 Qh5
21. Qe2 Qc5 22. Rec1 Re5 23. b4 cxb3 24. Nxb3 Qd6 25. g3 Qe6 26. c4 Qxh3+
0-1

[Event "Leisure Knock-Out"]
[Site "SchemingMind.com"]
[Date "2008.06.04"]
[Round "-"]
[White "Gambit13"]
[Black "riverriver"]
[Result "0-1"]
[WhiteCountry "USA"]
[BlackCountry "USA"]
[WhiteElo "1869"]
[WhiteRD "136"]
[BlackElo "1923"]
[BlackRD "70"]
[GameID "157649"]

1. c4 e5 2. g3 Nc6 3. Bg2 d6 4. Nc3 Be6 5. d3 Qd7 6. Rb1 g6 7. b4 Bg7 8. b5 Nd8 9. Nd5 c6 10. bxc6 Qxc6
11. Nf6+ Nxf6 12. Bxc6+ bxc6 13. Bg5 h6 14. Bxf6 Bxf6 15. Qd2 d5 16. cxd5 cxd5 17. Nf3 Rc8 18. O-O Nc6 19. Rfc1 Bg4 20. Rc5 e4
21. dxe4 dxe4 22. Qf4 Bf5 23. Nd2 Bg5 24. Qd6 Be7 25. Qd5 Bxc5 26. Qxc5 e3
0-1

[Event "Leisure Knock-Out"]
[Site "SchemingMind.com"]
[Date "2008.06.04"]
[Round "-"]
[White "riverriver"]
[Black "Gambit13"]
[Result "1-0"]
[WhiteCountry "USA"]
[BlackCountry "USA"]
[WhiteElo "1886"]
[WhiteRD "73"]
[BlackElo "1923"]
[BlackRD "142"]
[GameID "157654"]

1. d4 Nf6 2. c4 c5 3. d5 b5 4. Nf3 Bb7 5. Qc2 bxc4 6. e4 e6 7. Bxc4 exd5 8. exd5 Bxd5 9. Bxd5 Nxd5 10. O-O Be7
11. Qf5 Nf6 12. Bg5 O-O 13. Nc3 g6 14. Qh3 d6 15. Rae1 Nbd7 16. Qh4 Re8 17. Rxe7 Rxe7 18. Bxf6 Nxf6 19. Qxf6 Re6 20. Qf4 Qf6
21. Qxf6 Rxf6 22. Nd5 Rf5 23. Ne7+
1-0

[Event "Leisure Knock-Out"]
[Site "SchemingMind.com"]
[Date "2008.06.10"]
[Round "-"]
[White "chesshub"]
[Black "TRFz"]
[Result "1/2-1/2"]
[WhiteCountry "FRA"]
[BlackCountry "GBR"]
[WhiteElo "2447"]
[WhiteRD "63"]
[BlackElo "2226"]
[BlackRD "68"]
[GameID "158285"]

1. e4 c5 2. Nf3 Nc6 3. d4 cxd4 4. Nxd4 g6 5. c4 Nf6 6. Nc3 d6 7. Be2 Nxd4 8. Qxd4 Bg7 9. Bg5 O-O 10. Qd2 Be6
11. Rc1 Qa5 12. f3 Rfc8 13. b3 Rab8 14. O-O a6 15. Na4 Qxd2 16. Bxd2 b5 17. cxb5 axb5 18. Nc3 Bd7 19. Bd3 b4= 20. Na4 Kf8
21. Kf2 Rd8 22. Rfd1 Be6 23. Ba6 Nd7 24. Be3 Be5 25. h3 f5 26. exf5 gxf5 27. f4 Bg7 28. Rc7 Kf7 29. g3 h5=
1/2-1/2

[Event "Leisure Knock-Out"]
[Site "SchemingMind.com"]
[Date "2008.06.09"]
[Round "-"]
[White "TRFz"]
[Black "chesshub"]
[Result "1/2-1/2"]
[WhiteCountry "GBR"]
[BlackCountry "FRA"]
[WhiteElo "2250"]
[WhiteRD "68"]
[BlackElo "2451"]
[BlackRD "67"]
[GameID "158294"]

1. d4 Nf6 2. c4 e6 3. Nc3 Bb4 4. f3 d5 5. a3 Bxc3+ 6. bxc3 c5 7. cxd5 Nxd5 8. dxc5 Qa5 9. e4 Ne7 10. Be3 O-O
11. Qb3 Qc7 12. Rb1 Nd7 13. Nh3 Nxc5 14. Qc4 b6 15. Bxc5 bxc5 16. Rb5 Qd8 17. Qxc5 Ba6 18. Rb3= Bxf1 19. Rxf1 Rc8 20. Qe3 Nc6
21. Kf2 Na5 22. Rb5 Qc7 23. Kg1 a6 24. Rh5 Nc4 25. Qf4 Qb6+ 26. Kh1 Ne3 27. Rc1 Rcd8 28. Nf2 Rd7 29. h3 f6 30. Rg1 e5
31. Qh4 g6 32. Rh6 Qc5 33. Ng4 Nxg4 34. hxg4 Qe3 35. Kh2 Rfd8 36. Rf1=
1/2-1/2